| 000 | 01275cam a22003254a 4500 | ||
|---|---|---|---|
| 001 | 14637536 | ||
| 003 | OSt | ||
| 005 | 20230626132426.0 | ||
| 008 | 061117s2006 ke a b 101 0 eng | ||
| 010 | _a 2006317319 | ||
| 020 | _a9966812032 | ||
| 040 |
_aDLC _cDLC _dDLC |
||
| 042 | _alcode | ||
| 043 | _af-ke--- | ||
| 050 | 0 | 0 |
_aHG187.5.K4 _bF56 2006 |
| 082 |
_a332 _bMAS |
||
| 111 | 2 |
_aFinancial Sector Reforms Forum _n(1st : _d2006 : _cMombasa, Kenya) |
|
| 245 | 1 | 0 |
_aImproving financial sector performance in Kenya : _bproceedings of the First Financial Sector Reforms Forum, Mombasa, Kenya, 15-17 April, 2004 / _cedited by Wafula S. Masai, Andrew K. Mullei. |
| 260 |
_aNairobi, Kenya : _bAfrican Centre for Economic Growth, _cc2006. |
||
| 300 |
_axvi, 227 p. : _bill. (some col.) ; _c25 cm. |
||
| 504 | _aIncludes bibliographical references and index. | ||
| 650 | 0 |
_aFinancial institutions _zKenya _vCongresses. |
|
| 700 | 1 | _aMasai, Wafula S. | |
| 700 | 1 | _aMullei, Andrew. | |
| 710 | 2 | _aAfrican Centre for Economic Growth. | |
| 856 | 4 | 1 |
_3Table of contents only _uhttp://www.loc.gov/catdir/toc/fy0703/2006317319.html |
| 906 |
_a7 _bcbc _corigode _d3 _encip _f20 _gy-gencatlg |
||
| 942 |
_2ddc _cBK |
||
| 999 |
_c2725 _d2725 |
||